Pokémon by Picture - Letter C - Statistics

General Stats
  • This quiz has been taken 29 times
  • The average score is 14 of 15
Answer Stats
Picture Answer % Correct
Charizard
100%
Charmander
100%
Charmeleon
100%
Cloyster
100%
Cubone
100%
Caterpie
96%
Chansey
96%
Clefairy
96%
Chikorita
93%
Chimchar
93%
Crobat
93%
Camerupt
89%
Cyndaquil
89%
Combusken
86%
Cacnea
79%
No matching quizzes found
Score Distribution
Percent of People with Each Score
Percentile by Number Answered
Your Score History
You have not taken this quiz